000 00636nam a2200217 a 4500
999 _c7216
_d7216
001 7216
003 BD-JhCC
005 20190710134007.0
008 180206s2009 bg a|||| || | 001 0 eng d
035 _a(BD-JhCC)7216
040 _aBD-JhCC
_dBD-JhCC
041 _aeng
082 _a954.9205
_bMAT 2009
100 _aMatin, Abdul
245 _aA Passage to Freedom :
_bthe story of an adventurous escape of a Bengali family from Pakistani captivity /
_cAbdul Matin,
260 _aDhaka :
_bAdorn Publication
_c2009
300 _a120 p. :
_c21 cm.
650 _aRevolution (1971)
_zBangladesh
942 _2ddc
_cBK
_01